Movie Title Initials #2 - Statistics

General Stats
  • This quiz has been taken 17,239 times
  • The average score is 11 of 20
Answer Stats
Abbreviation Actor Title % Correct
T2:JD Arnold Schwarzenegger Terminator 2: Judgment Day
86%
GOTG Chris Pratt Guardians of the Galaxy
70%
GWH Matt Damon Good Will Hunting
67%
GD Bill Murray Groundhog Day
67%
SLIH Marilyn Monroe Some Like it Hot
63%
MPATHG John Cleese Monty Python and the Holy Grail
60%
BAT Audrey Hepburn Breakfast at Tiffany's
60%
DAD Jim Carrey Dumb and Dumber
60%
WWATCF Gene Wilder Willy Wonka & the Chocolate Factory
60%
TKAM Gregory Peck To Kill a Mockingbird
59%
TWOWS Leonardo DiCaprio The Wolf of Wall Street
58%
SLP Jennifer Lawrence Silver Linings Playbook
47%
TDWP Anne Hathaway The Devil Wears Prada
45%
MM:FR Tom Hardy Mad Max: Fury Road
44%
ESOTSM Kate Winslet Eternal Sunshine of the Spotless Mind
41%
RH: POT Kevin Costner Robin Hood: Prince of Thieves
41%
AIW Helena Bonham Carter Alice in Wonderland
40%
POTA Charlton Heston Planet of the Apes
34%
TFIOS Shailene Woodley The Fault in our Stars
33%
TPB Robin Wright The Princess Bride
25%
No matching quizzes found
Score Distribution
Percent of People with Each Score
Percentile by Number Answered
Your Score History
You have not taken this quiz